Statistiques concernant Champions du WSBK

Cliquez ici pour prendre le quiz!

Statistiques générales

  • Ce quiz a été pris 3 fois
  • Le résultat moyen est 10 sur 19

Statistiques - réponses

PaysChampionNombre de
titres
Saison(s)Constructeur(s)% Correct
Royaume-UniJonathan Rea62015, 2016, 2017, 2018, 2019, 2020Kawasaki (x6)
100%
TurquieToprak Razgatlioglu12021Yamaha
100%
EspagneAlvaro Bautista22022, 2023Ducati (x2)
67%
États-UnisBen Spies12009Yamaha
67%
Royaume-UniCarl Fogarty41994, 1995, 1998, 1999Ducati (x4)
67%
EspagneCarlos Checa12011Ducati
67%
ItalieMax Biaggi22010, 2012Aprilia (x2)
67%
FranceRaymond Roche11990Ducati
67%
FranceSylvain Guintoli12014Aprilia
67%
Royaume-UniTom Sykes12013Kawasaki
67%
États-UnisColin Edwards22000, 2002Honda (x2)
33%
États-UnisDoug Polen21991, 1992Ducati (x2)
33%
États-UnisFred Merkel21988, 1989Honda (x2)
33%
Royaume-UniJames Toseland22004, 2007Ducati, Honda
33%
États-UnisJohn Kocinski11997Honda
33%
Royaume-UniNeil Hodgson12003Ducati
33%
États-UnisScott Russell11993Kawasaki
33%
AustralieTroy Bayliss32001, 2006, 2008Ducati (x3)
33%
AustralieTroy Corser21996, 2005Ducati, Suzuki
33%

Distribution des résultats

Percentile par nombre de réponses

% des personnes avec chaque résultat

Votre développement - résultats

Vous n’avez pas pris ce quiz